Pays avec la lettre L comme deuxième lettre - Statistiques

Statistiques générales
  • Ce quiz a été pris 1 566 fois
  • Le résultat moyen est 4 sur 7
Statistiques - réponses
Pays % Correct
Albanie
88%
Allemagne
79%
Algerie
77%
Slovenie
56%
Slovaquie
55%
Îles Marshall
25%
Île Maurice
18%
Aucun quiz correspondant
Distribution des résultats
% des personnes avec chaque résultat
Percentile par nombre de réponses
Votre historique - résultats
Vous n’avez pas pris ce quiz